Patagonia: natural history, prehistory and ethnography at the uttermost end of the earth

Đã lưu trong:
Chi tiết về thư mục
Những tác giả chính: McEwan, Colin (autor), Borrero, Luis A (Tác giả), Prieto, Alfredo (Tác giả)
Định dạng: Sách
Ngôn ngữ:Tiếng Anh
Được phát hành: Londres British Museum Press 1997
Phiên bản:1a. ed
Những chủ đề:
Các nhãn: Thêm thẻ
Không có thẻ, Là người đầu tiên thẻ bản ghi này!

MARC

LEADER 00000nam a2200000 a 4500
001 UCQ2973
003 CL-VaPUC
008 980817e19970000UK |||||||||||||||||eng|d
082 0 4 |a 983  |b MCE  |2 21 
100 |a McEwan, Colin  |e autor  |9 417007 
700 0 |a Borrero, Luis A  |e author  |9 417008 
700 0 |a Prieto, Alfredo  |e author  |9 417009 
245 1 0 |a Patagonia: natural history, prehistory and ethnography at the uttermost end of the earth 
250 |a 1a. ed 
300 |a 200 p 
942 |c BK 
945 |d 19980817 00:00:00  |a aarredon 
260 |a Londres  |b British Museum Press  |c 1997 
500 |a Mapas, ilustraciones y fotografías de aborígenes 
650 0 |a Etnografía   |9 309735 
650 0 |a Antropología cultural y social   |9 265143 
650 0 |a Fueguinos  |9 417010 
650 0 |a Alacalufes  |9 267400 
650 0 |a Yaganes   |9 409868 
650 0 |a Historia natural   |9 268584 
650 0 |a Onas   |9 409869 
651 0 |a Magallanes  |9 265180 
651 0 |a Patagonia  |9 269580 
651 7 |a CHILE  |2 CL-VaPUC  |9 417011 
583 |a last modification  |c 19980817 00:00:00  |k Rodrigo Vera 
999 |c 273663  |d 273661 
952 |0 0  |1 0  |4 0  |6 983_000000000000000_MCE_1997  |7 0  |8 X  |9 309455  |a FDOMLP  |b FDOMLP  |d 2019-11-20  |i 3449483  |o 983 MCE 1997  |p 3449483  |r 2019-11-20  |w 2019-11-20  |y BK_X  |k BU2 
952 |0 0  |1 0  |4 0  |6 983_000000000000000_MCE_1997  |7 0  |8 X  |9 309456  |a FDOBUD  |b FDOBUD  |d 2019-11-20  |i 1040545  |o 983 MCE 1997  |p 1040545  |r 2019-11-20  |w 2019-11-20  |y BK_X  |k BUD